Kautilya's arthashastra / (Record no. 193748)

MARC details
000 -LEADER
fixed length control field 00914nam a22001937a 4500
005 - DATE AND TIME OF LATEST TRANSACTION
control field 20230227123218.0
010 ## - LCCN (DPL NO)
LC control number B-746248-252 E.N.A./7.11.22
020 ## - INTERNATIONAL STANDARD BOOK NUMBER
International Standard Book Number 9789389124620
Terms of availability 695.00
035 ## - SYSTEM CONTROL NUMBER
System control number B-746248-252
037 ## - SOURCE OF ACQUISITION
Source of stock number/acquisition Global Academic Publishers & Distributors
082 ## - DEWEY DECIMAL CLASSIFICATION NUMBER
Classification number 320.934
245 ## - TITLE STATEMENT
Title Kautilya's arthashastra /
Statement of responsibility, etc Tr.by Rudrapatna Shamasastry
260 ## - PUBLICATION, DISTRIBUTION, ETC. (IMPRINT)
Place of publication, distribution, etc New Delhi
Name of publisher, distributor, etc Global Academic Publishers & Distributors
Date of publication, distribution, etc 2022
270 ## - ADDRESS
Address F-8, 1st Floor, 'Hari Sadan' 20, Ansari Road, Daryaganj,
City New Delhi
Postal code 110002
300 ## - PHYSICAL DESCRIPTION
Extent 604p.
Other physical details Index
Dimensions 22cm(pbk)
700 ## - ADDED ENTRY--PERSONAL NAME
Personal name Shamasastry, Rudrapatna
942 ## - ADDED ENTRY ELEMENTS (KOHA)
Source of classification or shelving scheme Dewey Decimal Classification
Item type English Books
Call number suffix KAU
Classification part 320.934
Holdings
Withdrawn status Lost status Not for loan Collection code Home library Current library Date acquired Source of acquisition Cost, normal purchase price Full call number Barcode Copy number Cost, replacement price Koha item type
      Non-fiction Ashok Vihar Ashok Vihar 27/02/2023 Global Academic Pub.& dist./192/28.11.22/165/23.11.22/30.11.22 695.00 320.934 KAU B-746249 1 695.00 English Books
      Non-fiction Central Library Central Library 27/02/2023 Global Academic Pub.& dist./192/28.11.22/165/23.11.22/30.11.22 695.00 320.934 KAU B-746248 1 695.00 English Books
      Non-fiction Patel Nagar Patel Nagar 27/02/2023 Global Academic Pub.& dist./192/28.11.22/165/23.11.22/30.11.22 695.00 320.934 KAU B-746250 1 695.00 English Books
      Non-fiction Sarojini Nagar Sarojini Nagar 27/02/2023 Global Academic Pub.& dist./192/28.11.22/165/23.11.22/30.11.22 695.00 320.934 KAU B-746251 1 695.00 English Books
      Non-fiction Shahdara Branch Shahdara Branch 27/02/2023 Global Academic Pub.& dist./192/28.11.22/165/23.11.22/30.11.22 695.00 320.934 KAU B-746252 1 695.00 English Books

© Delhi Public Library
Hit Counter
free hit counter